00680nam a2200205Ia 4500008004100000020001800041041000800059082001500067100002400082245003700106260004900143300000900192500002600201500002600227650002300253700002400276906000700300999001700307952015000324230125s9999 xx 000 0 und d a81-85985-20-0 aeng a658.5bKOB aKobayashi I9106619 a20 Keys to Workplace Improvement c1990bProductivity press publicationaMadras a252p aPerformance appraisal aProduction management aManagement9106620 aKobayashi I9106619 b89 c84159d84159 00104070aHIMRbHIMRd1998-01-02eWord Book Shopg595.00l0o658.5 KOB B00799pHIMR-BK-799r2023-01-25 00:00:00v506.00w1998-02-01yBKzB00799